Az önkéntesség, mint új motiváció a turizmusban
| Szerző: | |
|---|---|
| További közreműködők: | |
| Dokumentumtípus: | Diplomadolgozat |
| Kulcsszavak: | jótékonysági események önkéntes turizmus Önkéntesség rendezvény turizmus |
| Online Access: | http://dolgozattar.uni-bge.hu/60061 |
MARC
| LEADER | 00000nta a2200000 i 4500 | ||
|---|---|---|---|
| 001 | dolg60061 | ||
| 005 | 20260409145932.0 | ||
| 008 | 260409suuuu hu om 000 hun d | ||
| 040 | |a BGE Dolgozattár Repozitórium |b hun | ||
| 041 | |a hu | ||
| 100 | 1 | |a Régi Boglárka Beáta | |
| 245 | 1 | 3 | |a Az önkéntesség, mint új motiváció a turizmusban |c Régi Boglárka Beáta |h [elektronikus dokumentum] |
| 520 | 3 | |a A kutatás célja az önkéntesség, mint motiváció szerepének feltárása a rendezvények terén és a turizmusban, különösen a magyar fiatal korosztály körében. Nagy hangsúlyt fektet ezen kívül az egyetemi szervezésű önkéntes programok hatásának felmérésére is. Az önkéntes turizmus iránti érdeklődés növekedett a 18-35 év közötti fiatalok körében, akik az utazások során szerzett önkéntes élményeken keresztül társadalmi értékeket, új kapcsolatokat és személyes fejlődést keresnek. Ez az ága a turizmusnak a 2000-es évek elején tapasztalt jelentős növekedést, melynek oka az olcsóbb légi utazás és az online foglalások elterjedése volt (Better Volunteering Better Care, 2014). A kutatás központi kérdése, hogy az önkéntes tevékenységek, illetve az ilyen jellegű egyetemi szervezésű kezdeményezések milyen hatással vannak a fiatalok utazási szokásaira, motivációira és a közösségi programok iránti érdeklődésükre. A kutatás kvantitatív és kvalitatív módszereket ötvöz. Két fókuszcsoportos interjúra került sor, az egyikben az önkéntességben már jártas fiatalok, a másikban pedig olyanok, akik még nem próbálták ki ezt a tevékenységet, vettek részt. A kutatás továbbá nyolc, különböző önkéntességgel foglalkozó szervezettel és alapítvánnyal készült mélyinterjút foglal magában, aminek célja a hazai önkéntes programok, illetve az ezzel kapcsolatos egyetemi rendezvények és együttműködések részleteinek megismerése volt. Ezek mellett a kvantitatív, online kérdőíves adatgyűjtés, több, mint 200 kitöltővel, a 18-35 év közötti magyar fiatalokat célozta meg, és első sorban a motivációikra, tapasztalataikra és az önkéntes turizmushoz kapcsolódó preferenciáikra fókuszált. Az eredmények alapján a 18-35 éves korosztály tagjai legfőképpen időhiány miatt inkább az alkalmi és rövidebb programokat részesítik előnyben, ugyanakkor korlátozott információkkal rendelkeznek ezekről az eseményekről. A kutatás kiemelten vizsgálja az egyetemi szervezésű események szerepét, amelyről kiderült, hogy bizonyos kereteken belül képes lehet nagyobb érdeklődést generálni, és támogatni a fiatalokat az önkéntes tevékenységekben való részvételben. A kutatás eredményei hozzájárulhatnak az önkéntes turizmus népszerűsítéséhez és az iparág számára releváns önkéntes programok kidolgozásához, amelyek a közösségi értékeket és a fiatalok személyes fejlődését fenntartható módon támogathatják. | |
| 695 | |a jótékonysági események | ||
| 695 | |a önkéntes turizmus | ||
| 695 | |a Önkéntesség | ||
| 695 | |a rendezvény | ||
| 695 | |a turizmus | ||
| 700 | 1 | |a Sipos Erika |e ths | |
| 856 | 4 | 0 | |u http://dolgozattar.uni-bge.hu/60061/1/Az_%C3%B6nk%C3%A9ntess%C3%A9g_mint_%C3%BAj_motiv%C3%A1ci%C3%B3_a_turizmusban.pdf |z Dokumentum-elérés |
| 856 | 4 | 0 | |u http://dolgozattar.uni-bge.hu/60061/2/B%C3%ADr%C3%A1lati%20lap_BSc_BA_MSc_MA_2025_R%C3%A9gi%20Bogl%C3%A1rka.pdf |z Dokumentum-elérés |
| 856 | 4 | 0 | |u http://dolgozattar.uni-bge.hu/60061/3/R%C3%A9gi%20Bogl%C3%A1rka%20Be%C3%A1ta%20konzulensi%20b%C3%ADr%C3%A1lata%20.pdf |z Dokumentum-elérés |